[Event "Tournoi Skype 013A"]
[Site "Skype"]
[Date "????.??.??"]
[Round "7.11"]
[White "Briere, Jean"]
[Black "Segura Lozano, Marcos Antonio"]
[Result "0-1"]
[WhiteElo "1554"]
[BlackElo "1989"]
[PlyCount "128"]

1. d4 Nf6 2. c4 e6 3. Nf3 d5 4. Bg5 c5 5. cxd5 exd5 6. e3 Bf5 7. Nc3 cxd4 8.
Nxd4 Bd7 9. Nxd5 Qa5+ 10. Qd2 Qxd5 11. Nf3 Qxd2+ 12. Nxd2 Bb4 13. Rd1 Bxd2+ 14.
Rxd2 Ne4 15. Rd5 Nxg5 16. Rxg5 O-O 17. Be2 Nc6 18. O-O Be6 19. a3 Rad8 20. Rb5
Rd7 21. Bf3 Nd8 22. Rb4 f6 23. Rc1 b6 24. g3 Nf7 25. Rc6 Bh3 26. Rc1 Ne5 27.
Be2 Rd2 28. Re1 Rfd8 29. Rd4 R2xd4 30. exd4 Rxd4 31. Rd1 Re4 32. Bf1 Nf3+ 33.
Kh1 Bxf1 34. Rxf1 Re1 35. Rxe1 Nxe1 36. Kg1 Nd3 37. b4 Kf7 38. Kf1 Ke6 39. Ke2
Ne5 40. f4 Nc4 41. a4 Nb2 42. a5 bxa5 43. bxa5 f5 44. a6 Na4 45. Kd2 Nc5 46.
Kc3 Nxa6 47. Kc4 Nc7 48. Kb4 Kd5 49. Kc3 Kc5 50. Kb3 Kb5 51. Kc3 Ne6 52. Kb3 a5
53. Ka3 Nc5 54. Kb2 Kb4 55. Ka2 a4 56. Kb2 Kc4 57. Ka2 Kd3 58. Ka3 Ke3 59. Kb4
Kf3 60. Kxc5 a3 61. Kd5 a2 62. Ke5 g6 63. Kf6 a1=Q+ 64. Kg5 Qg7 0-1

[Event "Tournoi Skype 013A"]
[Site "Skype"]
[Date "????.??.??"]
[Round "7.12"]
[White "Hilton, Stephen"]
[Black "Malbec, Robert"]
[Result "1-0"]
[WhiteElo "1952"]
[BlackElo "1520"]
[PlyCount "47"]

1. Nf3 d5 2. g3 Nf6 3. Bg2 Bf5 4. O-O Qc8 5. Re1 Nc6 6. d3 e5 7. c4 dxc4 8.
dxc4 Bd6 9. Nc3 O-O 10. Bg5 Qe6 11. Qb3 Rab8 12. Nd5 Nxd5 13. cxd5 Na5 14. dxe6
Nxb3 15. exf7+ Rxf7 16. axb3 h6 17. Bd2 c6 18. Bc3 Re7 19. Rxa7 Bc5 20. Raa1
Rbe8 21. Nd2 e4 22. e3 b5 23. b4 Ba7 24. Nb3 1-0

[Event "Tournoi Skype 013A"]
[Site "Skype"]
[Date "????.??.??"]
[Round "7.13"]
[White "Lambert, Pierre"]
[Black "Mulrooney, Justin"]
[Result "1-0"]
[WhiteElo "1916"]
[BlackElo "1624"]
[PlyCount "91"]

1. e4 e6 2. d4 d5 3. e5 Bd7 4. c3 c5 5. a3 Nc6 6. Nf3 cxd4 7. cxd4 Nge7 8. Bd3
Ng6 9. Nc3 a6 10. Be3 Be7 11. Rc1 O-O 12. O-O f5 13. exf6 Rxf6 14. Re1 Nf4 15.
Bb1 Qf8 16. Ng5 Rh6 17. Nf3 Rf6 18. Qb3 b5 19. Bxf4 Rxf4 20. Nxd5 Nxd4 21.
Nxe7+ Qxe7 22. Nxd4 Rxd4 23. Re3 Rf8 24. Rg3 Qf6 25. Qe3 Rf4 26. Qd3 Rxf2 27.
Qxh7+ Kf7 28. Rd1 Ke8 29. Qh5+ Kd8 30. Qg5 Rf7 31. Qxf6+ R2xf6 32. Be4 Kc7 33.
Rc3+ Kd8 34. Bf3 g5 35. h3 Rh7 36. Rc6 Ke7 37. Rxa6 Rfh6 38. Ra7 Ke8 39. Bg4
Rf6 40. Rb7 Rg6 41. Rb6 Rf6 42. Re1 Re7 43. Re5 Kf8 44. Rb8+ Kf7 45. Rxg5 Rg6
46. Bh5 1-0

[Event "Tournoi Skype 013A"]
[Site "Skype"]
[Date "????.??.??"]
[Round "7.14"]
[White "Ergin, Ahmet"]
[Black "Holtz, Steve"]
[Result "1-0"]
[WhiteElo "1711"]
[BlackElo "1503"]
[PlyCount "43"]

1. e4 c5 2. d4 cxd4 3. c3 dxc3 4. Nxc3 e5 5. Nf3 d6 6. Bc4 Be7 7. O-O Bg4 8.
Qb3 Nh6 9. Bxh6 gxh6 10. Bxf7+ Kf8 11. Bd5 Nd7 12. Qxb7 Nb6 13. Qa6 Nxd5 14.
Nxd5 Bxf3 15. gxf3 Qd7 16. Kh1 Qh3 17. Qa3 Rb8 18. Rg1 Rg8 19. Rxg8+ Kxg8 20.
Nxe7+ Kf7 21. Nf5 Rg8 22. Qxa7+ 1-0

[Event "Tournoi Skype 013A"]
[Site "Skype"]
[Date "????.??.??"]
[Round "7.15"]
[White "Carballo, Jorge"]
[Black "Mishra, Om"]
[Result "1-0"]
[WhiteElo "1499"]
[BlackElo "1709"]
[PlyCount "39"]

1. e4 d5 2. exd5 Qxd5 3. Nf3 Nf6 4. Be2 a6 5. O-O Bf5 6. Nc3 Qd6 7. d3 e6 8.
Bg5 Be7 9. Bxf6 Bxf6 10. Qd2 Nc6 11. Rad1 Rd8 12. Rfe1 O-O 13. Bf1 Qe7 14. b3
Qb4 15. Ne4 Bxe4 16. Rxe4 Qa3 17. Ra4 Qd6 18. Rg4 b5 19. Qh6 Kh8 20. Qf4 1-0

[Event "Tournoi Skype 013A"]
[Site "Skype"]
[Date "????.??.??"]
[Round "7.16"]
[White "Antonic, Nenad"]
[Black "Casey, Eamonn"]
[Result "0-1"]
[WhiteElo "1486"]
[BlackElo "1662"]
[PlyCount "79"]

1. d4 Nf6 2. e3 e6 3. Bd3 d5 4. Nf3 Nbd7 5. O-O Be7 6. Nbd2 O-O 7. Re1 c5 8. c3
cxd4 9. cxd4 Nb6 10. b3 Bd7 11. e4 dxe4 12. Nxe4 Bc6 13. Nxf6+ Bxf6 14. Bb2 Nd5
15. a3 Nf4 16. Bc2 Rc8 17. g3 Bxf3 18. Qxf3 Rxc2 19. gxf4 Rxb2 20. Qxb7 Bxd4
21. Red1 Rxf2 22. Kh1 Qb6 23. Qxb6 Bxb6 24. Rd7 Rxf4 25. a4 g6 26. a5 Bd4 27.
Rb1 e5 28. b4 Rf6 29. b5 Rb8 30. a6 Rxa6 31. Rd5 Ra1 32. Rxa1 Bxa1 33. Kg2 f5
34. Kf3 Kf7 35. Rd7+ Ke6 36. Rxa7 e4+ 37. Ke3 Be5 38. Ra6+ Kd5 39. b6 Bd4+ 40.
Kd2 0-1

[Event "Tournoi Skype 013A"]
[Site "Skype"]
[Date "????.??.??"]
[Round "7.17"]
[White "Meyer, Eric"]
[Black "Grib, Johannes"]
[Result "1-0"]
[WhiteElo "1755"]
[BlackElo "1435"]
[PlyCount "57"]

1. d4 d5 2. c4 Nf6 3. cxd5 Nxd5 4. Nf3 Nf6 5. Nc3 c6 6. e4 Bg4 7. Be2 e6 8. a3
h6 9. Bf4 Nbd7 10. O-O Bh5 11. Rc1 Bg6 12. Bd3 Nh5 13. Be3 Bd6 14. e5 Bxd3 15.
Qxd3 Be7 16. g4 g6 17. gxh5 gxh5 18. Ne4 Nxe5 19. Nxe5 Rg8+ 20. Kh1 f5 21. Nc5
Qd5+ 22. f3 O-O-O 23. Qb3 Bxc5 24. Qxd5 exd5 25. Rxc5 Rd6 26. Bf4 Rf6 27. b4 a6
28. a4 h4 29. h3 1-0

[Event "Tournoi Skype 013A"]
[Site "Skype"]
[Date "????.??.??"]
[Round "7.20"]
[White "Loyarte, Frederic"]
[Black "Fouquereau, Andre"]
[Result "1-0"]
[WhiteElo "1547"]
[BlackElo "1537"]
[PlyCount "95"]

1. d4 d5 2. c4 Nf6 3. Nc3 c6 4. Nf3 e6 5. cxd5 exd5 6. Bf4 Bb4 7. a3 Bxc3+ 8.
bxc3 O-O 9. e3 Bg4 10. Bd3 Ne4 11. Qc2 Nd7 12. Bxe4 dxe4 13. Qxe4 Nf6 14. Qb1
b5 15. Ng5 h6 16. Ne4 Nd5 17. Bd6 Re8 18. f3 Bf5 19. Bg3 Nxc3 20. Qb3 Nxe4 21.
fxe4 Bxe4 22. O-O Bd5 23. Qc2 Rxe3 24. Qd2 Re6 25. Qf4 Rf6 26. Qc7 Qxc7 27.
Bxc7 Rxf1+ 28. Rxf1 a5 29. Re1 a4 30. h4 Rc8 31. Bb6 Be6 32. Re5 Re8 33. Bc5 f6
34. Re4 Kf7 35. Kf2 f5 36. Re3 Rd8 37. Rf3 Kf6 38. Ke3 Rd5 39. Bb4 g5 40. h5
f4+ 41. Kd3 Kf5 42. Bf8 g4 43. Rf1 Kg5 44. Rh1 Bf7 45. Rc1 Be8 46. Ke4 Rf5 47.
Be7+ Rf6 48. Rc5+ 1-0

[Event "Tournoi Skype 013A"]
[Site "Skype"]
[Date "????.??.??"]
[Round "7.21"]
[White "Saponara, Jose Maria"]
[Black "Mordaa, Ahmad"]
[Result "1-0"]
[WhiteElo "1499"]
[BlackElo "1437"]
[PlyCount "45"]

1. e4 c5 2. Nc3 Nc6 3. f4 e6 4. Nf3 g6 5. Bb5 Bg7 6. Bxc6 bxc6 7. d3 Nf6 8. O-O
O-O 9. Qe1 Rb8 10. f5 d5 11. fxg6 fxg6 12. Ng5 h6 13. e5 hxg5 14. Bxg5 d4 15.
Ne4 Rxb2 16. Qh4 Qd5 17. Bxf6 Rxc2 18. Bxg7 Kxg7 19. Rxf8 Kxf8 20. Rf1+ Kg7 21.
Qe7+ Kh6 22. Qf8+ Kh5 23. Qh8+ 1-0

[Event "Tournoi Skype 013A"]
[Site "Skype"]
[Date "????.??.??"]
[Round "7.23"]
[White "Le Brun, Yves"]
[Black "Trivedi, Viral"]
[Result "0-1"]
[WhiteElo "1589"]
[BlackElo "1509"]
[PlyCount "32"]

1. d4 Nf6 2. c4 e5 3. dxe5 Ng4 4. Nf3 Nc6 5. e6 Bb4+ 6. Bd2 dxe6 7. Nc3 Qf6 8.
e3 Nce5 9. Be2 Bd6 10. Ne4 Nxf3+ 11. Bxf3 Qg6 12. Bxg4 Qxe4 13. Bf3 Qxc4 14. b3
Qb5 15. Be2 Qe5 16. O-O Qxh2# 0-1

[Event "Tournoi Skype 013A"]
[Site "Skype"]
[Date "????.??.??"]
[Round "7.24"]
[White "Hague, Mark"]
[Black "Meaney, Mike"]
[Result "0-1"]
[WhiteElo "1442"]
[BlackElo "1503"]
[PlyCount "68"]

1. d4 e6 2. c4 c5 3. d5 exd5 4. cxd5 d6 5. e4 a6 6. Nf3 Nf6 7. Qc2 Nbd7 8. Bd3
Nb6 9. O-O Qe7 10. b3 Bg4 11. Nbd2 Nbd7 12. h3 Bh5 13. Bb2 h6 14. Rfe1 Ne5 15.
Nxe5 dxe5 16. Rac1 Rc8 17. b4 b6 18. bxc5 Rxc5 19. Qa4+ Qd7 20. Qxa6 Bd6 21.
Qxb6 Rxc1 22. Rxc1 O-O 23. Nc4 Rb8 24. Qc6 Qxc6 25. dxc6 Bc7 26. Bxe5 Ne8 27.
Bxc7 Nxc7 28. Rb1 Rd8 29. Be2 Bxe2 30. Rc1 Rd4 31. Ne3 Bb5 32. e5 Rd8 33. f4
Rd3 34. g3 Rxe3 0-1

[Event "Tournoi Skype 013A"]
[Site "Skype"]
[Date "????.??.??"]
[Round "7.25"]
[White "Dubois, Real"]
[Black "Grimwood, Robert"]
[Result "0-1"]
[WhiteElo "1543"]
[BlackElo "1487"]
[PlyCount "70"]

1. e4 e5 2. Bc4 Nc6 3. c3 Bc5 4. Nf3 Nf6 5. Qe2 d6 6. h3 O-O 7. d3 h6 8. Be3
Bb6 9. Nbd2 Qe7 10. O-O Be6 11. a3 d5 12. exd5 Nxd5 13. Bxb6 Nf4 14. Qe3 Bxc4
15. Nxc4 axb6 16. d4 f6 17. dxe5 b5 18. Ncd2 fxe5 19. Ne4 Rad8 20. Rad1 Rxd1
21. Rxd1 Rd8 22. Rd2 Rxd2 23. Nfxd2 Nd5 24. Qf3 Nf6 25. Qf5 Kh8 26. Qc8+ Nd8
27. Qf5 Nxe4 28. Nxe4 Nf7 29. Qf3 c6 30. Qd3 Kg8 31. c4 bxc4 32. Qxc4 Kf8 33.
Ng3 Nd6 34. Qc5 Nf5 35. Qxe5 Qxe5 0-1

[Event "Tournoi Skype 013A"]
[Site "Skype"]
[Date "????.??.??"]
[Round "7.26"]
[White "Prasad Singh, Ambika"]
[Black "Murolo, Antonio"]
[Result "0-1"]
[WhiteElo "1484"]
[BlackElo "1499"]
[PlyCount "78"]

1. e4 e6 2. d4 d5 3. e5 c5 4. c3 Nd7 5. Be3 cxd4 6. cxd4 Bb4+ 7. Nc3 Ne7 8. a3
Bxc3+ 9. bxc3 O-O 10. Nf3 h6 11. c4 b6 12. cxd5 Nxd5 13. Bc1 Bb7 14. Bd3 Rc8
15. O-O a6 16. h3 b5 17. Nh2 Nc3 18. Qg4 g5 19. h4 f5 20. exf6 Qxf6 21. hxg5
hxg5 22. Bxg5 Qg7 23. Qxe6+ Rf7 24. Bg6 Bd5 25. Bxf7+ Qxf7 26. Qxf7+ Bxf7 27.
Nf3 Nb6 28. Ne5 Bd5 29. Bd2 Ne2+ 30. Kh1 Rc7 31. Ng4 Rh7+ 32. Nh2 Nc4 33. Be3
Rg7 34. f3 Nxe3 35. Rf2 Nf4 36. Nf1 Nexg2 37. Nd2 Ne3 38. Rg1 Rxg1+ 39. Kxg1
Nh3+ 0-1